[Event "SUI-ch U14"]
[Site "Naefels"]
[Date "2024.05.18"]
[Round "3"]
[White "Madhavan, Kailash"]
[Black "Angelovski, Emanuel"]
[Result "0-1"]
[WhiteElo "1765"]
[BlackElo "1913"]
[PlyCount "190"]
[EventDate "2024.05.17"]
[EventType "swiss"]
[EventRounds "7"]
[EventCountry "SUI"]
[SourceTitle "EXT 2025"]
[Source "ChessBase"]
[SourceDate "2024.10.14"]
[SourceVersion "1"]
[SourceVersionDate "2024.10.14"]
[SourceQuality "1"]

1. d4 d5 2. c4 e6 3. cxd5 exd5 4. Nc3 Be7 5. Nf3 c6 6. Bf4 Nf6 7. e3 Bf5 8. Bd3 Bxd3 9. Qxd3 Nbd7 10. h3 a5 11. Ne5 a4 12. Qc2 a3 13. 0-0 0-0 14. bxa3 Rxa3 15. Rab1 Qa8 16. Rb3 Nxe5 17. Bxe5 Nd7 18. Bg3 b5 19. Rc1 Nb6 20. e4 dxe4 21. Nxe4 Nc4 22. d5 Rxa2 23. Qc3 cxd5 24. Rxb5 dxe4 25. Qxc4 h6 26. Qc7 Bg5 27. Rcb1 Ra1 28. Kh2 Rxb1 29. Rxb1 Qc8 30. Qe5 Re8 31. Qd5 Qe6 32. Qb5 Kh7 33. Re1 Bf6 34. Re2 Be5 35. f4 Bd6 36. Qa4 f5 37. Qd4 Be7 38. Qa4 Bf6 39. Bf2 Rd8 40. Qa7 Qd6 41. Be3 Rd7 42. Qa5 Qe6 43. Qb5 Rd5 44. Qb7 Qd7 45. Qa6 Qd6 46. Qc8 Qd7 47. Qa6 Bd4 48. Bc1 Rd6 49. Qa5 Bf6 50. Be3 Rd5 51. Qa8 Rd3 52. Qa5 Qd5 53. Qa7 Bd4 54. Bxd4 Rxd4 55. Qe7 Qd6 56. Qxd6 Rxd6 57. Kg3 Rd3+ 58. Kf2 h5 59. Ra2 h4 60. Ra5 g6 61. Ra7+ Kh6 62. Ra8 Kg7 63. Ra7+ Kh6 64. Ra8 Rd7 65. Ra6 Kg7 66. Ke2 Rb7 67. Kf2 Kf7 68. Ra2 Rc7 69. Ke2 Rd7 70. Kf2 Re7 71. Ke3 Kf6 72. Ra5 Re6 73. Ra8 Rb6 74. Rh8 Rb2 75. Rxh4 Rxg2 76. Rh8 Rg3+ 77. Kf2 Rf3+ 78. Ke2 Rxf4 79. Rc8 Rh4 80. Rc3 Ke5 81. Rc5+ Kd4 82. Rc6 Rxh3 83. Rxg6 Rh2+ 84. Ke1 f4 85. Ra6 Rh1+ 86. Ke2 f3+ 87. Kf2 Rh2+ 88. Kg1 Rc2 89. Rd6+ Ke3 90. Rf6 Rc1+ 91. Kh2 f2 92. Rxf2 Kxf2 93. Kh3 e3 94. Kh2 Kf3 95. Kh3 Rh1# 0-1

[Event "SUI-ch U12"]
[Site "Biel"]
[Date "2022.07.18"]
[Round "1"]
[White "Begdullayev, Tamerlan"]
[Black "Madhavan, Kailash"]
[Result "1-0"]
[WhiteElo "1643"]
[BlackElo "1447"]
[PlyCount "69"]
[EventDate "2022.07.18"]
[EventType "swiss"]
[EventRounds "7"]
[EventCountry "SUI"]
[SourceTitle "EXT 2023"]
[Source "ChessBase"]
[SourceDate "2022.10.05"]
[SourceVersion "1"]
[SourceVersionDate "2022.10.05"]
[SourceQuality "1"]

1. d4 d5 2. c4 dxc4 3. e4 Nf6 4. e5 Nd5 5. Bxc4 Nb6 6. Bb3 Nc6 7. Nf3 Bf5 8. 0-0 e6 9. Nc3 Qd7 10. a4 Na5 11. Bc2 Bg4 12. Be3 0-0-0 13. h3 Bh5 14. Qe2 Bb4 15. Rfd1 Nbc4 16. Na2 Be7 17. b4 Nxe3 18. fxe3 Nc6 19. Rab1 f5 20. Rdc1 f4 21. Be4 Nb8 22. b5 fxe3 23. b6 axb6 24. Rxb6 c6 25. Rcb1 Bxf3 26. Bxf3 Qxd4 27. Rxb7 Nd7 28. Bxc6 Nxe5 29. Rxe7 Qd3 30. Qb2 Qd1+ 31. Rxd1 Rxd1+ 32. Kh2 Nf3+ 33. Bxf3 Rb1 34. Qc2+ Kb8 35. Qc7# 1-0